Every Ill Does Not Need a Poll/ (Record no. 178046)

MARC details
000 -LEADER
fixed length control field 00569nam a22001817a 4500
005 - DATE AND TIME OF LATEST TRANSACTION
control field 20210312163634.0
010 ## - LCCN (DPL NO)
LC control number ENG-129302
020 ## - INTERNATIONAL STANDARD BOOK NUMBER
International Standard Book Number 9788194403708
Terms of availability 290.00
035 ## - SYSTEM CONTROL NUMBER
System control number EN-112834
037 ## - SOURCE OF ACQUISITION
Source of stock number/acquisition DBAD/PUB
082 ## - DEWEY DECIMAL CLASSIFICATION NUMBER
Classification number 616.8918
100 ## - MAIN ENTRY--PERSONAL NAME
Personal name Mohammad Gulzar
245 ## - TITLE STATEMENT
Title Every Ill Does Not Need a Poll/
Statement of responsibility, etc Mohammad Gulzar
260 ## - PUBLICATION, DISTRIBUTION, ETC. (IMPRINT)
Place of publication, distribution, etc Delhi NCR
Name of publisher, distributor, etc Orangebook Publications
Date of publication, distribution, etc 2019
270 ## - ADDRESS
City Delhi NCR
Postal code 110054
Address vishwavidyalaya Marg civil lines,
300 ## - PHYSICAL DESCRIPTION
Extent 152p.
Dimensions 20cm(bbk)
Other physical details including illustrations
942 ## - ADDED ENTRY ELEMENTS (KOHA)
Source of classification or shelving scheme Dewey Decimal Classification
Item type English Books
Classification part 616.8918
Call number suffix MOH
Holdings
Withdrawn status Lost status Not for loan Collection code Home library Current library Date acquired Source of acquisition Cost, normal purchase price Full call number Barcode Copy number Cost, replacement price Koha item type
      Non-fiction Ashok Vihar Ashok Vihar 12/03/2021 DBAD/PUB 290.00 616.8918 MOH EN-112834 1 290.00 English Books

© Delhi Public Library
Hit Counter
free hit counter